| 000 | 00690nam a2200205Ia 4500 | ||
|---|---|---|---|
| 003 | GCL | ||
| 008 | 140319s9999 xx 000 0 ara d | ||
| 040 |
_aGCL / _cGCL |
||
| 082 | 0 | 4 |
_a832 _bك م |
| 100 | 1 | _aكستنر، ايريش | |
| 245 | 1 | 0 |
_aمدرسة الطغاة / _cكستنر، ايريش |
| 700 | 1 | _aسمير جريس | |
| 250 | _aالاولى | ||
| 260 |
_aالقاهرة : _bالمجلس الاعلى للثقافة ، _c2004 |
||
| 300 |
_a139 ص ؛ _c20 سم |
||
| 490 |
_aالمشروع القومى للترجمة _v653 |
||
| 650 | 0 | 4 | _aالمسرحيات الالمانية المترجمة |
| 650 | 0 | 4 | _aالادب الالمانى المترجم |
| 942 |
_2ddc _cBK |
||
| 999 |
_c56346 _d56346 |
||